Bản đồ du lịch các nước Đông Nam Á = ASEAN tourist map

Guardat en:
Dades bibliogràfiques
Format: Llibre
Idioma:Undetermined
Publicat: Hà Nội Tài nguyên Môi trường và Bản đồ Việt Nam 2020
Matèries:
Etiquetes: Afegir etiqueta
Sense etiquetes, Sigues el primer a etiquetar aquest registre!
Thư viện lưu trữ: Trung tâm Học liệu Trường Đại học Cần Thơ
LEADER 00612nam a2200181Ia 4500
001 CTU_239780
008 210402s9999 xx 000 0 und d
082 |a 912.59 
082 |b B105 
245 0 |a Bản đồ du lịch các nước Đông Nam Á = 
245 0 |b ASEAN tourist map 
245 0 |c Tài nguyên Môi trường và Bản đồ Việt Nam 
260 |a Hà Nội 
260 |b Tài nguyên Môi trường và Bản đồ Việt Nam 
260 |c 2020 
650 |a ASEAN,Đông Nam Á 
910 |b nthai 
980 |a Trung tâm Học liệu Trường Đại học Cần Thơ